000 00396nam a2200145Ia 4500
008 210210b1990 xxu||||| |||| 00| 0 eng d
082 _a331 BHAE
100 _aBHAGOLIWAL (T N).
245 _aEconomics of labour and industrial relations.
260 _aAgra
_bSahitya Bhavan
_c1990
300 _aviii,709
650 _aIndian industrial relations
690 _aLabour Economics
906 _a043922
999 _c93447
_d93447